| 000 | 00923nam a22002177a 4500 | ||
|---|---|---|---|
| 999 |
_c3683 _d3683 |
||
| 003 | AR-CdUCM | ||
| 008 | 190307b ||||| |||| 00| 0 spa d | ||
| 040 |
_aMUNICIPALIDAD PROVINCIAL DEL CUSCO _cBIBLIOTECA MUNICIPAL DEL CUSCO |
||
| 082 |
_23ed. _a376.473 / _bR89 |
||
| 100 |
_aM. Risk, Thomas _911952 |
||
| 245 |
_aTeoria y Practica de la Enseñanza : _ben las escuelas secundarias / |
||
| 260 |
_aMexico : _bUnion Tipografica Editorial Hispano-Americana, _c1964 |
||
| 300 |
_a604 paginas ; _btablas, _c23cm |
||
| 500 | _aTitulo original: principles and practices of teaching in secondary schools | ||
| 505 | _aContenido: Bases del exito de la enseñanza -- La organización de los cursos de instrucción y de las unidades -- metodo para la planeaciuón de las actividades en el aula | ||
| 650 |
_aOrganizacion _94866 |
||
| 650 |
_aEnseñanza _91616 |
||
| 650 |
_aLiteratura _983 |
||
| 942 |
_2ddc _cLIBROS |
||
| 945 | _apjha | ||